Sprievodca štúdiom ...

Bibliographic Details
Previous Title:Študijný program ...
Corporate Author: Univerzita Konštantína Filozofa v Nitre. Filozofická fakulta (Author)
Other Authors: Trošok, Roman, 1947- (Compiler), Lomnický, Igor, 1964- (Compiler), Palitefka, Jozef, 1976- (Editor), Maximová, Jarmila, 1979- (Editor), Malíčková, Michaela, 1972- (Editor), Petráš, Patrik, 1987- (Editor), Hetényi, Martin, 1979- (Editor)
Format: Serial
Language:Slovak
PhysicalDescription:zv. tab. 21 cm
Published: Nitra Univerzita Konštantína Filozofa 2007-
ISBN:9788080941604 (brož. : r. 2007/2008)
9788080947378 (brož. : r. 2010/2011)
9788055804002 (brož. : r. 2013/2014)
9788055806235 (brož. : r. 2014/2015)
9788055808345 (brož. : r. 2015/2016)
9788055810331 (brož. : r. 2016/2017)
9788055811871 (brož. : r. 2017/2018)
9788055813042 (brož. : r. 2018/2019)
9788055814346 (brož. : r. 2019/2020)
9788055815626 (brož. : r. 2020/2021)
9788055817682 (brož. : r. 2021/2022)
9788055819075 (brož. : r. 2022/2023)
9788055820347 (brož. : r. 2023/2024)
9788055821788 (brož. : r. 2024/2025)
9788055822938 (brož. : r. 2025/2026)
Subjects:

MARC

LEADER 00000cas a2200000 a 4500
001 vtls012076456
005 20260310135455.0
008 211108c20079999xo ar 0 b0slo
015 |a SNBB2021-(r. 2007/2008, r. 2010/2011, r. 2013/2014, r. 2014/2015, r. 2015/2016, r. 2016/2017, r. 2017/2018, r. 2018/2019, 2019/2020, r. 2020/2021)  |a SNBB2022-(r. 2021/2022)  |a SNBB2023-(r. 2022/2023)  |a SNBB2025-(r. 2023/2024)  |a SNBB2026-(r. 2024/2025, r. 2025/2026) 
020 |a 9788080941604 (brož. : r. 2007/2008) 
020 |a 9788080947378 (brož. : r. 2010/2011) 
020 |a 9788055804002 (brož. : r. 2013/2014) 
020 |a 9788055806235 (brož. : r. 2014/2015) 
020 |a 9788055808345 (brož. : r. 2015/2016) 
020 |a 9788055810331 (brož. : r. 2016/2017) 
020 |a 9788055811871 (brož. : r. 2017/2018) 
020 |a 9788055813042 (brož. : r. 2018/2019) 
020 |a 9788055814346 (brož. : r. 2019/2020) 
020 |a 9788055815626 (brož. : r. 2020/2021) 
020 |a 9788055817682 (brož. : r. 2021/2022) 
020 |a 9788055819075 (brož. : r. 2022/2023) 
020 |a 9788055820347 (brož. : r. 2023/2024) 
020 |a 9788055821788 (brož. : r. 2024/2025) 
020 |a 9788055822938 (brož. : r. 2025/2026) 
040 |a SNK  |b slo  |c SNK  |e AACR2 
041 0 |a slo 
043 |a e-xo--- 
044 |a xo  |c SK 
072 7 |a 378  |x Vysoké školy  |2 konspekt 
080 |a 37.093.5-029:1  |2 2011 
080 |a 050  |2 2011 
080 |a (073)  |2 2011 
080 |a (058)  |2 2011 
080 |a (437.6)  |2 2011 
080 |a (036)  |2 2011 
110 2 |a Univerzita Konštantína Filozofa v Nitre.  |b Filozofická fakulta  |4 aut 
245 1 0 |a Sprievodca štúdiom ...  |c Univerzita Konštantína Filozofa v Nitre, Filozofická fakulta 
246 1 |i Názov v tiráži:  |a Sprievodca štúdiom - študijné programy akademické roky ... a ... 
246 1 3 |a Sprievodca štúdiom na akademický rok ... 
260 |a Nitra  |b Univerzita Konštantína Filozofa  |c 2007- 
300 |a zv.  |b tab.  |c 21 cm 
310 |a 1x ročne 
362 0 |a 2006/2007- 
500 |a Názov z obalu 
500 |a Zostavovateľ: 2007/2008, Roman Trošok, Igor Lomnický 
500 |a V r. 2007 vyšiel Sprievodca štúdiom za akademické roky 2006/2007 a 2007/2008 
500 |a Súčasťou názvu je označenie akademického roku 
500 |a Zodp. red.: 2010/2011, Roman Trošok 
500 |a Editori: 2013/2014-2018/2019, Jozef Palitefka, Jarmila Jurová ; 2019/2020, Michaela Malíčková, Jarmila Maximová, Jozef Palitefka, 2020/2021-2022/2023, Michaela Malíčková, Jarmila Maximová ; 2023/2024-2025/2026, Patrik Petráš, Martin Hetényi 
650 0 7 |a štúdium a výučba  |2 SNKPH  |9 3982 
650 0 7 |a filozofické fakulty  |2 SNKPH  |9 221054 
650 0 7 |a Study and teaching  |2 SNKPHeng  |9 265408 
650 0 7 |a Faculties of letters  |2 SNKPHeng  |9 266182 
651 7 |a Nitra (Slovensko)  |2 SNKPHgeo  |9 15714 
651 7 |a Nitra (Slovakia)  |2 SNKPHeng  |9 265425 
655 7 |a informačné publikácie  |2 SNKPH  |9 70181 
655 7 |a študijné programy  |2 SNKPH  |9 265409 
655 7 |a ročenky  |2 SNKPH  |9 57146 
655 7 |a Information publications  |2 SNKPHeng  |9 265188 
655 7 |a Educational programs  |2 SNKPHeng  |9 265410 
655 7 |a Yearbooks  |2 SNKPHeng  |9 120938 
700 1 |a Trošok, Roman,  |d 1947-  |4 com  |4 lso  |9 204515 
700 1 |a Lomnický, Igor,  |d 1964-  |4 com  |9 247858 
700 1 |a Palitefka, Jozef,  |d 1976-  |4 edt  |9 174484 
700 1 |a Maximová, Jarmila,  |d 1979-  |4 edt  |9 224587 
700 1 |a Malíčková, Michaela,  |d 1972-  |4 edt  |9 107870 
700 1 |a Petráš, Patrik,  |d 1987-  |4 edt  |9 259015 
700 1 |a Hetényi, Martin,  |d 1979-  |4 edt  |9 79559 
780 0 0 |t Študijný program ... 
919 |a 978-80-8094-160-4 
919 |a 978-80-8094-737-8 
919 |a 978-80-558-0400-2 
919 |a 978-80-558-0623-5 
919 |a 978-80-558-0834-5 
919 |a 978-80-558-1033-1 
919 |a 978-80-558-1187-1 
919 |a 978-80-558-1304-2 
919 |a 978-80-558-1434-6 
919 |a 978-80-558-1562-6 
919 |a 978-80-558-1768-2 
919 |a 978-80-558-1907-5 
919 |a 978-80-558-2034-7 
919 |a 978-80-558-2178-8 
919 |a 978-80-558-2293-8 
999 |c 1941  |d 3871 
952 |a SNK  |b SNK  |y PREZ  |7 0  |p 17A1521627  |o snkČSC 4215/2022-2023  |i snk2023/16001  |8 0  |0 0  |1 0  |4 0  |d 2023-11-07  |l 0  |r 2026-02-21 19:47:47  |w 2026-02-21 
952 |a SNK  |b SNK  |y PREZ  |7 0  |p 17A1521628  |o snkČSC 4215/2022-2023 D1  |i snk2023/16002  |8 0  |0 0  |1 0  |4 0  |d 2023-11-07  |l 0  |r 2026-02-21 19:47:48  |w 2026-02-21 
952 |a SNK  |b SNK  |y PREZ  |7 0  |p 17A1462359  |o snkČSC 4215/2021-2022  |i snk2022/11073  |8 0  |0 0  |1 0  |4 0  |d 2022-07-08  |l 0  |r 2026-02-21 20:11:46  |w 2026-02-21 
952 |a SNK  |b SNK  |y PREZ  |7 0  |p 17A1462360  |o snkČSC 4215/2021-2022 D1  |i snk2022/11074  |8 0  |0 0  |1 0  |4 0  |d 2022-07-08  |l 0  |r 2026-02-21 20:11:46  |w 2026-02-21 
952 |a SNK  |b SNK  |y PREZ  |7 0  |p 17A1524949  |o snkČSC 4215/2023-2024  |i snk2025/389  |8 0  |0 0  |1 0  |4 0  |d 2025-01-14  |l 0  |r 2026-02-21 21:22:02  |w 2026-02-21 
952 |a SNK  |b SNK  |y PREZ  |7 0  |p 17A1524950  |o snkČSC 4215/2023-2024 D1  |i snk2025/391  |8 0  |0 0  |1 0  |4 0  |d 2025-01-14  |l 0  |r 2026-02-21 21:22:02  |w 2026-02-21 
952 |a SNK  |b SNK  |y PREZ  |7 0  |p 17A1461332  |o snkČSC 4215/2007-2008  |i snk2021/17429  |8 0  |z Sprievodca štúdiom za akademické roky 2006/2007 a 2007/2008  |0 0  |1 0  |4 0  |d 2021-11-08  |l 0  |r 2026-02-21 21:39:24  |w 2026-02-21 
952 |a SNK  |b SNK  |y PREZ  |7 0  |p 17A1461333  |o snkČSC 4215/2007-2008 D1  |i snk2021/17432  |8 0  |z Sprievodca štúdiom za akademické roky 2006/2007 a 2007/2008  |0 0  |1 0  |4 0  |d 2021-11-08  |l 0  |r 2026-02-21 21:39:24  |w 2026-02-21 
952 |a SNK  |b SNK  |y PREZ  |7 0  |p 17A1461334  |o snkČSC 4215/2010-2011  |i snk2021/17434  |8 0  |0 0  |1 0  |4 0  |d 2021-11-08  |l 0  |r 2026-02-21 21:39:24  |w 2026-02-21 
952 |a SNK  |b SNK  |y PREZ  |7 0  |p 17A1461335  |o snkČSC 4215/2010-2011 D1  |i snk2021/17435  |8 0  |0 0  |1 0  |4 0  |d 2021-11-08  |l 0  |r 2026-02-21 21:39:24  |w 2026-02-21 
952 |a SNK  |b SNK  |y PREZ  |7 0  |p 17A1461336  |o snkČSC 4215/2013-2014  |i snk2021/17436  |8 0  |0 0  |1 0  |4 0  |d 2021-11-08  |l 0  |r 2026-02-21 21:39:24  |w 2026-02-21 
952 |a SNK  |b SNK  |y PREZ  |7 0  |p 17A1461337  |o snkČSC 4215/2013-2014 D1  |i snk2021/17437  |8 0  |0 0  |1 0  |4 0  |d 2021-11-08  |l 0  |r 2026-02-21 21:39:24  |w 2026-02-21 
952 |a SNK  |b SNK  |y PREZ  |7 0  |p 17A1120989  |o snkČSC 4215/2014-2015  |i snk2021/17438  |8 0  |0 0  |1 0  |4 0  |d 2021-11-08  |l 0  |r 2026-02-21 21:39:24  |w 2026-02-21 
952 |a SNK  |b SNK  |y PREZ  |7 0  |p 17A1120990  |o snkČSC 4215/2014-2015 D1  |i snk2021/17439  |8 0  |0 0  |1 0  |4 0  |d 2021-11-08  |l 0  |r 2026-02-21 21:39:24  |w 2026-02-21 
952 |a SNK  |b SNK  |y PREZ  |7 0  |p 17A1461338  |o snkČSC 4215/2015-2016  |i snk2021/17440  |8 0  |0 0  |1 0  |4 0  |d 2021-11-08  |l 0  |r 2026-02-21 21:39:24  |w 2026-02-21 
952 |a SNK  |b SNK  |y PREZ  |7 0  |p 17A1461339  |o snkČSC 4215/2015-2016 D1  |i snk2021/17441  |8 0  |0 0  |1 0  |4 0  |d 2021-11-08  |l 0  |r 2026-02-21 21:39:24  |w 2026-02-21 
952 |a SNK  |b SNK  |y PREZ  |7 0  |p 17A1461340  |o snkČSC 4215/2016-2017  |i snk2021/17442  |8 0  |0 0  |1 0  |4 0  |d 2021-11-08  |l 0  |r 2026-02-21 21:39:24  |w 2026-02-21 
952 |a SNK  |b SNK  |y PREZ  |7 0  |p 17A1461341  |o snkČSC 4215/2016-2017 D1  |i snk2021/17448  |8 0  |0 0  |1 0  |4 0  |d 2021-11-08  |l 0  |r 2026-02-21 21:39:24  |w 2026-02-21 
952 |a SNK  |b SNK  |y PREZ  |7 0  |p 17A1461342  |o snkČSC 4215/2017-2018  |i snk2021/17450  |8 0  |0 0  |1 0  |4 0  |d 2021-11-08  |l 0  |r 2026-02-21 21:39:26  |w 2026-02-21 
952 |a SNK  |b SNK  |y PREZ  |7 0  |p 17A1461343  |o snkČSC 4215/2017-2018 D1  |i snk2021/17452  |8 0  |0 0  |1 0  |4 0  |d 2021-11-08  |l 0  |r 2026-02-21 21:39:26  |w 2026-02-21 
952 |a SNK  |b SNK  |y PREZ  |7 0  |p 17A1461344  |o snkČSC 4215/2018-2019  |i snk2021/17453  |8 0  |0 0  |1 0  |4 0  |d 2021-11-08  |l 0  |r 2026-02-21 21:39:26  |w 2026-02-21 
952 |a SNK  |b SNK  |y PREZ  |7 0  |p 17A1461345  |o snkČSC 4215/2018-2019 D1  |i snk2021/17454  |8 0  |0 0  |1 0  |4 0  |d 2021-11-08  |l 0  |r 2026-02-21 21:39:26  |w 2026-02-21 
952 |a SNK  |b SNK  |y PREZ  |7 0  |p 17A1461346  |o snkČSC 4215/2019-2020  |i snk2021/17455  |8 0  |0 0  |1 0  |4 0  |d 2021-11-08  |l 0  |r 2026-02-21 21:39:26  |w 2026-02-21 
952 |a SNK  |b SNK  |y PREZ  |7 0  |p 17A1461347  |o snkČSC 4215/2019-2020 D1  |i snk2021/17457  |8 0  |0 0  |1 0  |4 0  |d 2021-11-08  |l 0  |r 2026-02-21 21:39:26  |w 2026-02-21 
952 |a SNK  |b SNK  |y PREZ  |7 0  |p 17A1461348  |o snkČSC 4215/2020-2021  |i snk2021/17458  |8 0  |0 0  |1 0  |4 0  |d 2021-11-08  |l 0  |r 2026-02-21 21:39:26  |w 2026-02-21 
952 |a SNK  |b SNK  |y PREZ  |7 0  |p 17A1461349  |o snkČSC 4215/2020-2021 D1  |i snk2021/17459  |8 0  |0 0  |1 0  |4 0  |d 2021-11-08  |l 0  |r 2026-02-21 21:39:26  |w 2026-02-21 
952 |t 1  |a SNK  |b SNK  |c SNK_KF  |y PREZ  |7 8  |p 17A1556594  |o snkČSC 4215/2024-2025  |i snk2026/3363  |8 0  |0 0  |1 0  |2 udc  |4 0  |d 2026-03-10  |l 0  |r 2026-03-10 13:19:00  |w 2026-03-10 
952 |t 2  |a SNK  |b SNK  |y PREZ  |7 0  |p 17A1556595  |o snkČSC 4215/2024-2025 D1  |i snk2026/3365  |8 0  |0 0  |1 0  |2 udc  |4 0  |d 2026-03-10  |l 0  |r 2026-03-10 13:22:28  |w 2026-03-10 
952 |t 1  |a SNK  |b SNK  |c SNK_KF  |y PREZ  |7 8  |p 17A1556596  |o snkČSC 4215/2025-2026  |i snk2026/3367  |8 0  |0 0  |1 0  |2 udc  |4 0  |d 2026-03-10  |l 0  |r 2026-03-10 13:24:40  |w 2026-03-10 
952 |t 2  |a SNK  |b SNK  |y PREZ  |7 0  |p 17A1556597  |o snkČSC 4215/2025-2026 D1  |i snk2026/3376  |8 0  |0 0  |1 0  |2 udc  |4 0  |d 2026-03-10  |l 0  |r 2026-03-10 13:48:48  |w 2026-03-10